| 000 | 00765nam a22002057a 4500 | ||
|---|---|---|---|
| 008 | 111023s2007 nyu|||||r|||| 001 0 eng d | ||
| 020 | _a0071458204 | ||
| 020 | _a9780071458207 | ||
| 082 |
_222 _a618 _bAZZ |
||
| 100 |
_927567 _aAzziz, Ricardo |
||
| 245 |
_aObstetrics and Gynecology : _bCases, Questions, and Answers / _cRicardo Azziz |
||
| 260 |
_aNew York : _bMcGraw-Hill, 2007 _c2007 |
||
| 300 |
_axiv, 290 p. : _bill. ; _c28cm. |
||
| 490 |
_927569 _aMcGraw-Hill Specialty Board Review |
||
| 504 | _a Includes bibliographical references and index | ||
| 650 |
_918823 _aGynecology. |
||
| 650 |
_927568 _aObstetrics |
||
| 942 |
_2ddc _cBB |
||
| 999 |
_c16151 _d16151 |
||